| 000 | 00703cam a2200217 a 4500 | ||
|---|---|---|---|
| 001 | 000023612 | ||
| 005 | 20200930022340.0 | ||
| 008 | 810910s1944 ag 001 f spa d | ||
| 040 |
_aDO-SdBNP _bspa _cBNPHU |
||
| 082 |
_a863.62 _bL579c, 1960 |
||
| 100 | 1 |
_aLeón, Ricardo, _d1877-1943. _941659 |
|
| 245 | 1 | 0 |
_aCasta de hidalgos / _cRicardo León. |
| 260 |
_aBuenos Aires, Argentina : _bEspasa Calpe Argentina, _c1944. |
||
| 300 |
_a230 p. ; _c18 cm. |
||
| 490 | 1 |
_aAustral. Azul: novelas y cuentos _v481 |
|
| 500 | _aIncluye índice de autores | ||
| 650 | 4 |
_aNovela española _91123 |
|
| 650 | 4 |
_aLiteratura española _9632 |
|
| 830 | 0 |
_aAustral. _pAzul: novelas y cuentos _v481 _941554 |
|
| 049 | _aBNGR | ||
| 999 |
_c23108 _d23108 |
||